Science Quiz

Random Science or Anatomy Quiz
Score 0/22 Timer 04:00
0 Plays Today
Number % Correct
1Eye
77.1%
6Heart
61.5%
2Brain
58.3%
5Intestine
58.3%
11Anus
58.3%
3Sucking stomach
54.2%
8Ovary
53.1%
12Spinneret
53.1%
16Book lung
47.9%
19Fang
46.9%
13Silk gland
45.8%
Number % Correct
4Aorta
42.7%
14Oviduct
35.4%
20Esophagus
34.4%
15Sperm receptacle
33.3%
7Digestive tubule
32.3%
10Stercoral pocket
32.3%
22Poison gland
30.2%
9Malphigan tubule
28.1%
17Digestive cecum
27.1%
21Poison canal
27.1%
18Coaxal gland
25%
Come Together.
Have Fun.
All Virtual.
We all need to come together. Play Sporcle's virtual live trivia to have fun, connect with people, and get your trivia on. Join a live hosted trivia game for your favorite pub trivia experience done virtually. If a virtual private party is more your thing, go here for details.

You're not logged in!

Compare scores with friends on all Sporcle quizzes.
OR
Log In

Sporcle TV

Today on Sporcle TV


Watch our educational content, quiz creation guides, and fun videos on Sporcle TV.

Show Comments

Extras

Top Quizzes Today


Score Distribution

Paid Content

Your Account Isn't Verified!

In order to create a playlist on Sporcle, you need to verify the email address you used during registration. Go to your Sporcle Settings to finish the process.

Report this User

Report this user for behavior that violates our Community Guidelines.

Details: